000 00840nam a2200217 a 4500
008 120416s2000 ||||||||||||||||| || u
020 _a1565491165
050 _aHD 75 Lab
100 _aHarper, Sharon, 1965-
245 1 4 _aThe lab, the temple, and the market
_cedited by Sharon Harper
246 _areflections at the intersection of science, religion, and development
260 _aOttawa
_bIDRC Kumarian Press
_c2000
300 _axi, 251 p.
350 _a0.00
500 _aIncludes bibliographical references.
650 _aRELIGION AND SCIENCE
650 _aTECHNOLOGY--RELIGIOUS ASPECTS
650 _aECONOMIC DEVELOPMENT--RELIGIOUS ASPECTS
650 0 _aMANAGEMENT
995 _D0.00
_FCBU-MAIN LIBRARY (Kitwe)
_H1
_I0.00
_M1
_UAVAILABLE
_ZMain Library Open Access Collection
999 _c48700
_d48700